[Event "N1B"]
[Site "Lille"]
[Date "2006.11.25"]
[Round "2.3"]
[White "Roumegous, Marina"]
[Black "Cappon, John"]
[Result "1-0"]
[WhiteElo "2202"]
[BlackElo "2240"]
[PlyCount "77"]
[EventDate "2006.11.25"]
[WhiteTeam "Evry Grand Roque II"]
[BlackTeam "Lille"]

1. d4 d5 2. Bg5 Nc6 3. Nf3 f6 4. Bf4 Bg4 5. Nbd2 e6 6. c3 Bd6 7. Bg3 Nge7 8. e4
Bxg3 9. hxg3 dxe4 10. Nxe4 Qd5 11. Ned2 O-O-O 12. Bc4 Qa5 13. b4 Qf5 14. Qb3
Nd5 15. a4 g5 16. a5 Nce7 17. Be2 Ng6 18. c4 Ndf4 19. gxf4 Nxf4 20. Bf1 e5 21.
d5 e4 22. Nd4 Qe5 23. Qe3 Rhe8 24. N2b3 Qd6 25. Nc5 a6 26. Kd2 f5 27. Rxh7 Nxd5
28. cxd5 Qxd5 29. Rc1 f4 30. Qc3 e3+ 31. Ke1 exf2+ 32. Kxf2 c6 33. Nxb7 Qxd4+
34. Qxd4 Rxd4 35. Bxa6 Kb8 36. Nc5 Rxb4 37. Bd3 Rb2+ 38. Kg1 Bc8 39. Be4 1-0

[Event "N1B"]
[Site "Lille"]
[Date "2006.11.25"]
[Round "2.4"]
[White "Bouhallel, Rabah"]
[Black "Roumegous, Etienne"]
[Result "1-0"]
[WhiteElo "2330"]
[BlackElo "2115"]
[PlyCount "107"]
[EventDate "2006.11.25"]
[WhiteTeam "Lille"]

1. d3 d5 2. Nd2 e5 3. Ngf3 f6 4. e4 Be6 5. Be2 Nc6 6. O-O Nge7 7. c3 Qd7 8. Re1
O-O-O 9. Qc2 g5 10. Nf1 h5 11. b4 h4 12. Qa4 g4 13. N3d2 Ng6 14. b5 Nb8 15.
exd5 Qxd5 16. Bxg4 f5 17. Bf3 Qxd3 18. Re3 Qd6 19. Qxa7 e4 20. Nxe4 fxe4 21.
Bxe4 Ne5 22. Qxb7+ Kd7 23. a4 Bc4 24. Ba3 Qf6 25. Rd1+ Ke6 26. Rde1 Bxa3 27.
Qxc7 Bd6 28. Qa7 Nbd7 29. Nd2 Bc5 30. Qa6+ Kf7 31. Nxc4 Qxa6 32. bxa6 Bxe3 33.
Nxe3 Nc5 34. Bd5+ Kf6 35. a7 Na6 36. Rb1 Nd7 37. f4 Nc7 $11 38. Bc6 Nc5 39. Rb6
Kg7 40. Nf5+ Kf7 41. Nd4 Na8 42. Rb5 Na6 43. a5 N8c7 44. Rb6 Nc5 45. Bf3 N7e6
46. Nc6 Rde8 47. g3 Nxf4 48. gxf4 Re1+ 49. Kg2 h3+ 50. Kg3 Rg8+ 51. Kh4 Ne6 52.
Ne5+ Ke7 53. Rb7+ Kd6 54. Rd7+ 1-0

[Event "N1B"]
[Site "Lille"]
[Date "2006.11.25"]
[Round "2.5"]
[White "Guyard, Rodolphe"]
[Black "Julve, Philippe"]
[Result "0-1"]
[WhiteElo "2149"]
[BlackElo "2220"]
[PlyCount "73"]
[EventDate "2006.11.25"]
[WhiteTeam "Evry Grand Roque II"]
[BlackTeam "Lille"]

1. e4 c5 2. Nf3 d6 3. d4 Nf6 4. Nc3 cxd4 5. Nxd4 a6 6. Be2 e6 7. O-O Be7 8. Qd3
Nbd7 9. Qg3 O-O 10. Bh6 Ne8 11. Be3 Bh4 12. Qh3 Ne5 13. f4 Nc6 14. Nf3 Bf6 15.
e5 dxe5 16. Bd3 h6 17. Rad1 Qc7 18. fxe5 Nxe5 19. Nxe5 Bxe5 20. Rf3 f5 21. g4
f4 22. Rdf1 Bxc3 23. bxc3 e5 24. Qh4 Nf6 25. g5 hxg5 26. Qxg5 Bg4 27. R3f2 Bh3
28. Bxf4 exf4 29. Re1 Rae8 30. Rxe8 Rxe8 31. Rxf4 Qb6+ 32. Rd4 Qb1+ 33. Kf2
Qe1+ 34. Kf3 Qh1+ 35. Kg3 Qg1+ 36. Kh4 Qxh2 37. Qf4 0-1

[Event "N1B"]
[Site "Lille"]
[Date "2006.11.25"]
[Round "2.6"]
[White "Vallet, Marc"]
[Black "Baumhauer, Christian"]
[Result "1-0"]
[WhiteElo "2177"]
[BlackElo "2030"]
[PlyCount "103"]
[EventDate "2006.11.25"]
[WhiteTeam "Lille"]

1. e4 c5 2. Nf3 e6 3. d3 Nc6 4. g3 Nf6 5. Bg2 d5 6. Nbd2 Be7 7. O-O Qc7 8. Re1
O-O 9. e5 Nd7 10. Qe2 Rb8 11. h4 b5 12. Nf1 a5 13. N1h2 Ba6 14. h5 Rfc8 15. Bf4
b4 16. Ng4 Qb6 17. Qd1 Rb7 18. Bg5 Qd8 19. Bxe7 Qxe7 20. h6 g6 21. Qd2 a4 22.
a3 bxa3 23. bxa3 Rcb8 24. Qf4 c4 25. d4 Rb2 26. c3 R2b3 27. Re3 Rb1+ 28. Rxb1
Rxb1+ 29. Kh2 Rb3 30. Ng5 Nd8 31. Bxd5 exd5 32. Nf6+ Nxf6 33. exf6 Qf8 34. Re7
Bc8 35. Qe5 Ne6 36. Nxf7 Qxf7 37. Rxf7 Kxf7 38. g4 Rb2 39. Kg3 Rb3 40. g5 Rxc3+
41. f3 Rb3 42. Qxd5 c3 43. Qa8 Bb7 44. Qh8 Nxg5 45. Qg7+ Ke6 46. Qe7+ Kd5 47.
Qd7+ Kc4 48. Qxa4+ Kd3 49. Qxb3 Kd2 50. Qxb7 c2 51. Qb2 Kd1 52. a4 1-0

[Event "N1B"]
[Site "Lille"]
[Date "2006.11.25"]
[Round "2.7"]
[White "Forget, Cyril"]
[Black "Levaux, Christian"]
[Result "0-1"]
[WhiteElo "1921"]
[BlackElo "2062"]
[PlyCount "82"]
[EventDate "2006.11.25"]
[WhiteTeam "Evry Grand Roque II"]
[BlackTeam "Lille"]

1. e4 e6 2. d4 d5 3. Nc3 Bb4 4. e5 b6 5. Bd2 Ba6 6. Bxa6 Nxa6 7. Nf3 Nb8 8. O-O
Nc6 9. Ne2 Bf8 10. Rc1 b5 11. c3 Nge7 12. b3 Nf5 13. Be3 Ba3 14. Rc2 O-O 15.
Bc1 Be7 16. Qd3 a6 17. Rb2 Qd7 18. Bf4 Rfb8 19. Rfb1 h6 20. g4 Nh4 21. Nxh4
Bxh4 22. Qh3 Qe7 23. Kg2 a5 24. Rd2 Bg5 25. Rd3 b4 26. c4 a4 27. cxd5 exd5 28.
Rc1 axb3 29. axb3 Ra2 30. Rxc6 Rxe2 31. Bxg5 Qxg5 32. Qg3 Ra8 33. Rxc7 Re1 34.
Qf3 Qg6 35. Qf5 Qxf5 36. gxf5 Re4 37. Kg3 Ra1 38. Rd7 Rg1+ 39. Kh3 Rf4 40. f3
Rxf5 41. Kh4 g6 0-1

[Event "N1B"]
[Site "Lille"]
[Date "2006.11.25"]
[Round "2.8"]
[White "Swiercz, Sandra"]
[Black "Huynh, David"]
[Result "1-0"]
[WhiteElo "1945"]
[BlackElo "1499"]
[PlyCount "43"]
[EventDate "2006.11.25"]
[WhiteTeam "Lille"]

1. e4 e5 2. Nc3 Nf6 3. Bc4 Bc5 4. d3 c6 5. Nf3 d6 6. O-O b5 7. Bb3 Bg4 8. h3
Bh5 9. Be3 Bd4 10. g4 Bxe3 11. fxe3 Nxg4 12. hxg4 Bxg4 13. Bxf7+ Ke7 14. Qe1
Bxf3 15. Rxf3 Nd7 16. Qg3 Kf8 17. Bd5+ Nf6 18. Bxc6 Rc8 19. Bxb5 Rxc3 20. bxc3
Qa5 21. Bc4 Ke7 22. Qxg7+ 1-0

[Event "N1B"]
[Site "Lille"]
[Date "2006.11.25"]
[Round "2.1"]
[White "Roser, Kevin"]
[Black "Carlier, Bruno"]
[Result "1-0"]
[WhiteElo "2384"]
[BlackElo "2437"]
[PlyCount "123"]
[EventDate "2006.11.25"]
[WhiteTeam "Issy les Moulineaux"]
[BlackTeam "Cappelle la Grande"]

1. e4 d6 2. d4 Nf6 3. Nc3 e5 4. Nf3 Nbd7 5. Bc4 Be7 6. O-O O-O 7. Re1 c6 8. a4
b6 9. Bg5 a6 10. d5 c5 11. Rb1 Nh5 12. Be3 g6 13. Bh6 Ng7 14. b4 Nf6 15. bxc5
bxc5 16. h3 Kh8 17. Nd2 Ng8 18. Be3 f5 19. exf5 gxf5 20. f4 Bf6 21. Ne2 e4 22.
Kh2 Nh6 23. Bf2 Re8 24. Nf1 Rg8 25. Ne3 Nh5 26. Rg1 Ra7 27. g3 Bd7 28. Bb3 Be8
29. Qe1 Rag7 30. c3 Be7 31. Bd1 Bd7 32. Qd2 Nf6 33. Nc1 Qe8 34. Ra1 Qf7 35. Rb1
Qe8 36. Qa2 Qa8 37. Be2 Bd8 38. Rd1 Be8 39. Qc4 Ba5 40. Nb3 Bc7 41. Nd2 Bf7 42.
Ndf1 a5 43. Qa2 Bd8 44. Be1 Nd7 45. Rb5 Nf6 46. c4 Be8 47. Rb3 Rb7 48. Rdb1 Rb4
49. Bc3 Kg7 50. g4 fxg4 51. hxg4 Kf8 52. g5 Nh5 53. Bxh5 Bxh5 54. gxh6 Qa7 55.
Bg7+ Rxg7 56. hxg7+ Qxg7 57. Qf2 Bf3 58. Nf5 Qg4 59. N1g3 h5 60. Rxb4 axb4 61.
Qb2 Qg8 62. Rg1 1-0

[Event "N1B"]
[Site "Lille"]
[Date "2006.11.25"]
[Round "2.2"]
[White "Winants, Luc"]
[Black "Houhou, Olivier"]
[Result "1-0"]
[WhiteElo "2517"]
[BlackElo "2281"]
[PlyCount "177"]
[EventDate "2006.11.25"]
[WhiteTeam "Cappelle la Grande"]

1. d4 Nf6 2. Bg5 d5 3. e3 Nbd7 4. c4 Ne4 5. Bh4 c6 6. Nc3 Nxc3 7. bxc3 Qa5 8.
Qb3 e6 9. Nf3 Qa3 10. cxd5 Qxb3 11. axb3 exd5 12. Bd3 Be7 13. Bg3 Nf6 14. c4
O-O 15. c5 Be6 16. O-O h6 17. b4 a6 18. Nd2 Nh5 19. Be5 f6 20. Bc7 Rac8 21. Bb6
g5 22. Nb3 Bd8 23. Bxd8 Rcxd8 24. Na5 Bc8 25. f3 Kf7 26. Rad1 Rfe8 27. Kf2 Rd7
28. Rfe1 Rde7 29. Bc2 f5 30. Nb3 Nf6 31. Nc1 Kg7 32. Nd3 Nd7 33. g3 Nf8 34. f4
g4 35. h3 h5 36. Ne5 Ng6 37. Rh1 Nxe5 38. fxe5 Rh8 39. Ke2 Ree8 40. Rdf1 Kg6
41. Rf2 Be6 42. Kd2 Ra8 43. Bd3 Kg5 44. hxg4 hxg4 45. Rfh2 Rxh2+ 46. Rxh2 Kg6
47. Kc3 a5 48. b5 cxb5 49. Bxb5 a4 50. Kb4 a3 51. Ra2 Rh8 52. Kxa3 Rh1 53. Rg2
Re1 54. Be2 Bd7 55. Kb4 Ra1 56. Kb3 Ba4+ 57. Kb2 Re1 58. Kc3 Rb1 59. Kd2 Rb2+
60. Ke1 Rb1+ 61. Kf2 Rb2 62. Rg1 Bb5 63. Re1 Bd3 64. Kf1 Be4 65. Ra1 Kf7 66.
Ra5 Rb1+ 67. Kf2 Rh1 68. Rb5 Rh2+ 69. Ke1 Rh1+ 70. Kd2 Rh2 71. Rxb7+ Ke8 72. c6
Bf3 73. Rb8+ Ke7 74. c7 Bxe2 75. c8=Q Ba6+ 76. Kc3 Bxc8 77. Rxc8 Rg2 78. Rc7+
Ke6 79. Rc6+ Ke7 80. Rf6 Rxg3 81. Rxf5 Rxe3+ 82. Kb4 g3 83. Kc5 g2 84. Rg5 Ke6
85. Rg6+ Kf5 86. Rxg2 Ke4 87. Rg4+ Kf5 88. Rh4 Re4 89. Rh1 1-0

[Event "N1B"]
[Site "Lille"]
[Date "2006.11.25"]
[Round "2.3"]
[White "Wittmann, Marc"]
[Black "Hareux, Hubert"]
[Result "1/2-1/2"]
[WhiteElo "2231"]
[BlackElo "2237"]
[PlyCount "71"]
[EventDate "2006.11.25"]
[WhiteTeam "Issy les Moulineaux"]
[BlackTeam "Cappelle la Grande"]

1. e4 e6 2. Nf3 d5 3. e5 c5 4. b4 cxb4 5. a3 Nh6 6. axb4 Bxb4 7. c3 Be7 8. d4
Nf5 9. Bd3 h5 10. Na3 Bd7 11. Qb3 Qb6 12. Qxb6 axb6 13. O-O b5 14. Bb2 b4 15.
cxb4 Bxb4 16. Nc2 Rxa1 17. Rxa1 Be7 18. Bxf5 exf5 19. Ne3 Be6 20. Ra5 b6 21.
Rb5 Kd7 22. Rxb6 Kc7 23. Rb3 Nc6 24. Ba3 Bxa3 25. Rxa3 f4 26. Nd1 Rb8 27. Nc3
Rb4 28. h3 Kd7 29. Ne2 g6 30. Nxf4 Nxd4 31. Ra7+ Ke8 32. Nxd4 Rxd4 33. Nxe6
fxe6 34. f3 Kf8 35. Kf2 h4 36. Ra8+ $11 1/2-1/2

[Event "N1B"]
[Site "Lille"]
[Date "2006.11.25"]
[Round "2.4"]
[White "Jossien, Remy"]
[Black "Emmenecker, Philippe"]
[Result "1/2-1/2"]
[WhiteElo "2263"]
[BlackElo "2195"]
[PlyCount "144"]
[EventDate "2006.11.25"]
[WhiteTeam "Cappelle la Grande"]

1. d4 Nf6 2. Nc3 d5 3. Bg5 Nbd7 4. Nf3 g6 5. Qd2 h6 6. Bf4 c6 7. h3 Bg7 8. e3
Ne4 9. Qd3 Qa5 10. Nd2 e5 11. Bh2 O-O 12. Ncxe4 dxe4 13. Qc3 Qd5 14. dxe5 Nxe5
15. Qb4 Rd8 16. Rd1 Bf5 17. Be2 a5 18. Qb6 Nd7 19. Qc7 Rdc8 20. Qxb7 Nc5 21.
Qe7 Re8 22. Qc7 Rec8 23. Qd6 Rd8 24. Qxd5 cxd5 25. b3 a4 26. b4 Nb7 27. a3 Be6
28. c4 dxc4 29. Nxc4 Bc3+ 30. Nd2 Bb3 31. Be5 Bxe5 32. Rc1 Nd6 33. O-O Bb2 34.
Rb1 Be5 35. Nxb3 axb3 36. Rxb3 Rdc8 37. Rd1 Nc4 38. Bxc4 Rxc4 39. g3 Rc3 40.
Rxc3 Bxc3 41. Rd7 Rxa3 42. Re7 f5 43. b5 Ra1+ 44. Kg2 Rb1 45. Rb7 Ba5 46. g4
fxg4 47. hxg4 g5 48. Re7 Rxb5 49. Rxe4 Rb2 50. Re5 Be1 51. Rf5 Kg7 52. Kf1 Bc3
53. Kg1 Kg6 54. Kf1 Ra2 55. Kg2 Ra4 56. Rc5 Bf6 57. Kg3 Re4 58. Kf3 Re6 59. Kg3
Be7 60. Rd5 Bd6+ 61. Kg2 Rf6 62. Rb5 Kf7 63. f4 Kg6 64. f5+ Kf7 65. e4 Bf4 66.
Kf3 Rc6 67. e5 Bxe5 68. Rxe5 Rc3+ 69. Re3 Rc4 70. Re6 Kg7 71. Re7+ Kg8 72. Ra7
Rf4+ $11 1/2-1/2

[Event "N1B"]
[Site "Lille"]
[Date "2006.11.25"]
[Round "2.5"]
[White "Geffroy, Laurent"]
[Black "Jossien, Arnaud"]
[Result "0-1"]
[WhiteElo "2246"]
[BlackElo "2322"]
[PlyCount "70"]
[EventDate "2006.11.25"]
[WhiteTeam "Issy les Moulineaux"]
[BlackTeam "Cappelle la Grande"]

1. d4 d6 2. c4 e5 3. Nf3 e4 4. Ng5 f5 5. g3 h6 6. Nh3 g5 7. Bg2 Bg7 8. O-O Nc6
9. d5 Nce7 10. f3 Nf6 11. Nf2 exf3 12. exf3 O-O 13. Nc3 Ng6 14. b3 f4 15. Bb2
fxg3 16. hxg3 Qe8 17. Nb5 Qf7 18. Nd4 Nh5 19. Ne4 Be5 20. f4 Nhxf4 21. gxf4
Nxf4 22. Rf2 Bh3 23. Ne6 Bxb2 24. Nxf4 Bxg2 25. Nxg2 Qg7 26. Rxf8+ Rxf8 27. Rb1
Qe5 28. Qe2 Bd4+ 29. Kh1 Qf5 30. Qd3 Be5 31. Rd1 Qg4 32. Kg1 Qh5 33. Nf2 Qh2+
34. Kf1 Qh1+ 35. Ke2 Qxg2 0-1

[Event "N1B"]
[Site "Lille"]
[Date "2006.11.25"]
[Round "2.6"]
[White "Platel, Alexandre"]
[Black "Brossard, Armel"]
[Result "1-0"]
[WhiteElo "2161"]
[BlackElo "2183"]
[PlyCount "119"]
[EventDate "2006.11.25"]
[WhiteTeam "Cappelle la Grande"]

1. e4 c5 2. Nf3 d6 3. Bb5+ Bd7 4. Bxd7+ Qxd7 5. O-O Nc6 6. c3 Nf6 7. d4 cxd4 8.
cxd4 d5 9. e5 Ne4 10. Ne1 f6 11. f3 Ng5 12. Bxg5 fxg5 13. Nc3 e6 14. f4 gxf4
15. Rxf4 O-O-O 16. Qh5 g6 17. Qh3 g5 18. Rg4 h6 19. Ne2 Be7 20. Qh5 Rdf8 21.
Nf3 Bd8 22. Rf1 Qh7 23. Rc1 Kb8 24. Rg3 Bb6 25. Qg4 Qe4 26. Re1 Qxg4 27. Rxg4
Rh7 28. Rd1 Rhf7 29. h4 gxh4 30. Rxh4 Rf5 31. Kh2 h5 32. Ng3 Rf4 33. Rxf4 Rxf4
34. Nxh5 Re4 35. Ng3 Rf4 36. Nh5 Re4 37. Nf6 Re2 38. Nd7+ Kc7 39. Nf8 Rxb2 40.
Nxe6+ Kd7 41. Nf4 Rxa2 42. Nxd5 Bd8 43. Kh3 Ra3 44. Kg4 b5 45. Rb1 a6 46. Kf4
Ra4 47. Ke4 Ra2 48. g4 Re2+ 49. Kf4 Rf2 50. Kg3 Ra2 51. Kf4 Rf2 52. Ke4 Re2+
53. Ne3 Na5 54. Kf4 Rf2 55. d5 Bg5+ 56. Kxg5 Rxf3 57. Nf5 Rd3 58. e6+ Kd8 59.
e7+ Kd7 60. Re1 1-0

[Event "N1B"]
[Site "Lille"]
[Date "2006.11.25"]
[Round "2.7"]
[White "Akl, Nabil"]
[Black "Couche, Didier"]
[Result "1-0"]
[WhiteElo "2152"]
[BlackElo "2119"]
[PlyCount "91"]
[EventDate "2006.11.25"]
[WhiteTeam "Issy les Moulineaux"]
[BlackTeam "Cappelle la Grande"]

1. e4 e6 2. d4 d5 3. Nc3 Bb4 4. e5 c5 5. a3 Bxc3+ 6. bxc3 Qa5 7. Qd2 Ne7 8. Nf3
b6 9. h4 Ba6 10. h5 Bxf1 11. Kxf1 h6 12. a4 Nbc6 13. g4 Rc8 14. Kg2 cxd4 15.
cxd4 Qxd2 16. Bxd2 Kd7 17. Rhb1 Rb8 18. Kf1 Rhc8 19. Ke2 Nd8 20. Kd3 Nec6 21.
Rg1 f6 22. exf6 gxf6 23. Bxh6 Nb4+ 24. Ke2 Rxc2+ 25. Bd2 Ndc6 26. h6 Rh8 27.
Kd1 Rxd2+ 28. Kxd2 Rxh6 29. g5 fxg5 30. Rxg5 Rf6 31. Rg7+ Ke8 32. Ke2 Rf7 33.
Rxf7 Kxf7 34. Rh1 Kf6 35. Rh4 Kf5 36. Ke3 a6 37. Rf4+ Kg6 38. Ne5+ Nxe5 39.
dxe5 d4+ 40. Kxd4 Nc6+ 41. Ke4 Kg7 42. Rf6 Nd8 43. f4 b5 44. axb5 axb5 45. f5
exf5+ 46. Kxf5 1-0

[Event "N1B"]
[Site "Lille"]
[Date "2006.11.25"]
[Round "2.8"]
[White "Husson, Cybele"]
[Black "Brisson, Valerie"]
[Result "1-0"]
[WhiteElo "2051"]
[BlackElo "1430"]
[PlyCount "49"]
[EventDate "2006.11.25"]
[WhiteTeam "Cappelle la Grande"]

1. e4 e5 2. Nf3 Nc6 3. d4 d6 4. Bb5 Bd7 5. O-O g6 6. dxe5 Nxe5 7. Bxd7+ Nxd7 8.
Re1 Bg7 9. c3 Ne7 10. Qb3 b6 11. Bg5 O-O 12. Nbd2 Qe8 13. Nc4 Nc6 14. Rad1 Nc5
15. Qc2 b5 16. Ne3 Ne5 17. Nd4 c6 18. Bf4 Nc4 19. Ng4 Ne6 20. Bh6 Bxh6 21. Nf6+
Kg7 22. Nxe8+ Raxe8 23. g3 Nxd4 24. cxd4 d5 25. b3 1-0

[Event "ch N1A"]
[Site "Deauville"]
[Date "10.12.06"]
[Round "4.1"]
[White "Colin, Vincent"]
[Black "Gharamian, Tigran"]
[Result "1-0"]
[WhiteElo "2418"]
[BlackElo "2467"]
[PlyCount "111"]
[EventDate "10.12.06"]
[WhiteTeam "Deauville"]
[BlackTeam "Lille"]

1. c4 Nf6 2. Nc3 c5 3. Nf3 e6 4. e3 Be7 5. d4 cxd4 6. exd4 d5 7. cxd5 Nxd5 8.
Bd3 Nc6 9. O-O O-O 10. Re1 Nf6 11. a3 b6 12. Bg5 h6 13. Bxf6 Bxf6 14. Be4 Bb7
15. Qa4 Na5 $11 16. Rac1 Qe8 17. Qxe8 Rfxe8 18. b4 Bxe4 19. Nxe4 Nb7 20. Rc7
Rab8 21. Ne5 Bxe5 22. dxe5 Red8 23. Rec1 Rd5 24. f4 Rd4 25. R1c4 Rbd8 26. Kf2
Nc5 27. Rxd4 Rxd4 28. Nd6 Ne4+ 29. Nxe4 Rxe4 30. Kf3 Re1 31. Rxa7 g5 32. Ra6 b5
33. Ra5 Rf1+ 34. Ke2 Ra1 35. fxg5 hxg5 36. Ke3 Ra2 37. g3 Rxh2 38. Rxb5 Rb2 39.
a4 Rb3+ 40. Kf2 g4 41. a5 Ra3 42. Rc5 Kg7 43. Rc4 Kg6 44. Rxg4+ Kf5 45. Rf4+
Kxe5 46. Rxf7 Ra4 47. Rb7 Ke4 48. g4 Kf4 49. Ke2 e5 50. Kd3 e4+ 51. Kc4 Kxg4
52. Re7 Kf3 53. Kb5 Ra1 54. a6 e3 55. a7 e2 56. Kb6 1-0

[Event "ch N1A"]
[Site "Deauville"]
[Date "10.12.06"]
[Round "4.2"]
[White "Bouhallel, Rabah"]
[Black "Tirard, Hugo"]
[Result "1/2-1/2"]
[WhiteElo "2330"]
[BlackElo "2466"]
[PlyCount "88"]
[EventDate "10.12.06"]
[WhiteTeam "Lille"]
[BlackTeam "Deauville"]

1. d4 Nf6 2. Nf3 g6 3. c3 Bg7 4. Bf4 O-O 5. e3 d6 6. h3 b6 7. a4 c5 8. Na3 cxd4
9. exd4 Nd5 10. Bh2 e5 11. dxe5 dxe5 12. Bc4 Bb7 13. O-O Nf4 14. Bxf4 Qxd1 15.
Raxd1 exf4 16. Rfe1 Bxf3 17. gxf3 Nc6 18. Bd5 Rac8 19. Bxc6 Rxc6 20. Rd7 a5 21.
Re4 f5 22. Rxf4 Rfc8 23. Rh4 h5 24. Nb5 Bf6 25. Rf4 Re8 26. Kf1 Rec8 27. b4
axb4 28. Rxb4 Bxc3 29. Nxc3 Rxc3 30. Rxb6 Rxf3 31. Rxg6+ Kf8 32. Kg2 Rf4 33.
Rf6+ Kg8 34. Rg6+ Kf8 35. Rf6+ Kg8 36. Kg3 Rxa4 37. Rxf5 h4+ 38. Kg2 Rf8 39.
Rg5+ Kh8 40. Rh5+ Kg8 41. Rdh7 Rff4 42. Rh8+ Kg7 43. R5h7+ Kg6 44. Rh6+ Kg7
1/2-1/2

[Event "ch N1A"]
[Site "Deauville"]
[Date "10.12.06"]
[Round "4.3"]
[White "Coursaget, Nicolas"]
[Black "Vallet, Marc"]
[Result "1-0"]
[WhiteElo "2323"]
[BlackElo "2177"]
[PlyCount "113"]
[EventDate "10.12.06"]
[WhiteTeam "Deauville"]
[BlackTeam "Lille"]

1. d4 Nf6 2. c4 e6 3. Nc3 Bb4 4. Qc2 c5 5. dxc5 Na6 6. a3 Bxc3+ 7. Qxc3 Nxc5 8.
f3 a5 9. Bf4 Qe7 10. Rd1 d5 11. cxd5 exd5 12. Bg5 Be6 13. e3 O-O 14. Bxf6 gxf6
15. Ne2 Rac8 16. Nd4 Bd7 17. Qd2 Ba4 18. Rc1 Qe5 19. Rc3 Ne6 20. Kf2 Bd7 21. f4
Qh5 22. Be2 Qh4+ 23. g3 Qh3 24. Bf1 Qh5 25. Qe2 Qxe2+ 26. Nxe2 Bb5 27. Bg2 Bxe2
28. Kxe2 d4 29. exd4 Nxd4+ 30. Kd2 Rcd8 31. Bxb7 Rfe8 32. Ba6 Nb3+ 33. Kc2 Nd4+
34. Kb1 Ne2 35. Rc2 Nd4 36. Rd2 Rd6 37. Rhd1 Rxa6 38. Rxd4 Kg7 39. R1d2 Re1+
40. Ka2 Re3 41. Ra4 Re7 42. Rd5 Rea7 43. Rc5 Kg6 44. Kb1 h5 45. f5+ Kg5 46. Kc2
Kh6 47. Kc3 Kg5 48. h4+ Kh6 49. Kc4 Ra8 50. b4 axb4 51. Rxa6 Rxa6 52. axb4 Ra3
53. b5 Rb3 54. b6 Rxg3 55. Kb5 Rh3 56. b7 Rh1 57. Kb6 1-0

[Event "ch N1A"]
[Site "Deauville"]
[Date "10.12.06"]
[Round "4.4"]
[White "Julve, Philippe"]
[Black "Godard, Maxence"]
[Result "1-0"]
[WhiteElo "2220"]
[BlackElo "2309"]
[PlyCount "97"]
[EventDate "10.12.06"]
[WhiteTeam "Lille"]
[BlackTeam "Deauville"]

1. d4 Nf6 2. c4 e6 3. Nc3 Bb4 4. e3 b6 5. Nge2 Ne4 6. f3 Nxc3 7. bxc3 Be7 8.
Nf4 Nc6 9. Bd3 Na5 10. O-O Ba6 11. Qa4 c6 12. Rd1 O-O 13. e4 Rb8 14. Rb1 Qc8
15. c5 Bxd3 16. Nxd3 d5 17. Bf4 Rb7 18. Nb4 bxc5 19. Qxa5 cxb4 20. cxb4 Qd7 21.
a3 Bd8 22. Qa6 dxe4 23. fxe4 Bb6 24. Bd6 Rd8 25. Rbc1 Qc8 26. e5 f6 27. b5 fxe5
28. bxc6 Rc7 29. Qxc8 Rdxc8 30. Bxc7 Rxc7 31. Kf2 Kf7 32. Kf3 exd4 33. Ke4 Ke7
34. Ke5 Rc8 35. g3 Rd8 36. Rd3 Bc7+ 37. Ke4 Bb6 38. Rc4 Rc8 39. Ke5 Rd8 40. a4
Rd5+ 41. Ke4 Rd8 42. a5 Bxa5 43. Rdxd4 Rc8 44. Rd7+ Kf6 45. Rxa7 Bc7 46. Rb7 h5
47. Rc2 Kg5 48. Rxc7 Rxc7 49. Ke5 1-0

[Event "ch N1A"]
[Site "Deauville"]
[Date "10.12.06"]
[Round "4.5"]
[White "Amoyal, Pierre"]
[Black "Levaux, Christian"]
[Result "1/2-1/2"]
[WhiteElo "2167"]
[BlackElo "2062"]
[PlyCount "91"]
[EventDate "10.12.06"]
[WhiteTeam "Deauville"]
[BlackTeam "Lille"]

1. d4 Nf6 2. c4 d6 3. Nc3 e5 4. Nf3 e4 5. Ng5 Bf5 6. g3 h6 7. Nh3 c6 8. Nf4 Be7
9. Qb3 Qc7 10. Bd2 Nbd7 11. Bg2 O-O 12. g4 e3 13. gxf5 exd2+ 14. Kxd2 d5 15. e3
Bd6 16. Nfe2 dxc4 17. Qxc4 Qa5 18. e4 Rad8 19. Kc2 Bb4 20. a3 Bxc3 21. Qxc3 Qa6
22. Rae1 c5 23. d5 Rfe8 24. Rhg1 Qa4+ 25. Kc1 Ne5 26. f4 Neg4 27. Bf3 Nxe4 28.
Bxe4 Rxe4 29. Kb1 Re3 30. Qxc5 Qe4+ 31. Qc2 Nf6 32. Qxe4 Rxe4 33. Rg2 Nxd5 34.
Reg1 Kf8 35. Ng3 Rd4 36. Nh5 Nxf4 37. Nxf4 Rxf4 38. Rxg7 Rd2 39. Rg8+ Ke7 40.
Rb8 b6 41. Rb7+ Kf6 42. Rc1 Rff2 43. Rc6+ Kg7 44. Rg6+ Kh8 45. Rxf7 Rxb2+ 46.
Kc1 1/2-1/2

[Event "ch N1A"]
[Site "Deauville"]
[Date "10.12.06"]
[Round "4.6"]
[White "Faure, Stephane"]
[Black "Canonne, Antoine"]
[Result "1/2-1/2"]
[WhiteElo "2124"]
[BlackElo "2060"]
[PlyCount "134"]
[EventDate "10.12.06"]
[WhiteTeam "Lille"]
[BlackTeam "Deauville"]

1. d4 Nc6 2. d5 Ne5 3. Qd4 d6 4. e4 c5 5. Qe3 Nf6 6. h3 e6 7. f4 Ng6 8. Bb5+
Bd7 9. Bxd7+ Qxd7 10. c4 exd5 11. cxd5 Be7 12. Nf3 Nh5 13. f5 Ne5 14. Nxe5 dxe5
15. O-O Rc8 16. Qf3 Nf6 17. a4 h5 18. Be3 h4 19. Nd2 Bd6 20. Nc4 Kf8 21. Rfe1
Kg8 22. Bd2 Ne8 23. Qc3 f6 24. Qb3 Qf7 25. Rac1 g5 26. fxg6 Qxg6 27. Qf3 Rc7
28. Ne3 Ng7 29. Rf1 Rf7 30. Qg4 Qxg4 31. Nxg4 Nh5 32. Nh6+ Rxh6 33. Bxh6 Ng3
34. Rfe1 f5 35. Bg5 Nxe4 36. Rxe4 fxe4 37. Re1 c4 38. Rxe4 Rc7 39. Bxh4 c3 40.
bxc3 Rxc3 41. Bf6 Rd3 42. Bxe5 Bc5+ 43. Kf1 Rxd5 44. Ke2 Kf7 45. g4 a5 46. Bc3
b6 47. h4 Be7 48. h5 Rc5 49. Kd3 Bf6 50. Bxf6 Kxf6 51. Rf4+ Kg7 52. Rf5 Rc1 53.
g5 Ra1 54. Rb5 Rxa4 55. Rxb6 Rg4 56. Rb5 a4 57. Kc3 a3 58. Kb3 Rg3+ 59. Ka2 Rh3
60. g6 Kh6 61. Rf5 Rg3 62. Rf8 Kg7 63. Rf7+ Kg8 64. Rh7 Rh3 65. h6 Rg3 66. Rg7+
Kh8 67. Ka1 Rg2 1/2-1/2

[Event "ch N1A"]
[Site "Deauville"]
[Date "10.12.06"]
[Round "4.7"]
[White "Meaux, Xavier"]
[Black "Gallet, Antoine"]
[Result "1-0"]
[WhiteElo "2102"]
[BlackElo "1930"]
[PlyCount "79"]
[EventDate "10.12.06"]
[WhiteTeam "Deauville"]
[BlackTeam "Lille"]

1. d4 Nf6 2. c4 e6 3. Nc3 d5 4. Nf3 Nbd7 5. e3 c6 6. Bd3 dxc4 7. Bxc4 b5 8. Bd3
Bb7 9. O-O a6 10. e4 c5 11. d5 e5 12. Ne2 Qc7 13. Ng3 g6 14. Bg5 Bd6 15. Qd2
O-O 16. Rfc1 Qb6 17. b3 Rfc8 18. Rab1 Rab8 19. a4 Ra8 20. h3 Kg7 21. Bh6+ Kg8
22. Qg5 Re8 23. Nf5 Bf8 24. Bxf8 Rxf8 25. N3h4 Nh5 26. d6 Ng7 27. Nh6+ Kh8 28.
Qe7 Qd8 29. axb5 Qxe7 30. dxe7 Rfe8 31. Nxf7+ Kg8 32. Nd6 Rab8 33. Bc4+ Kh8 34.
Nf7+ Kg8 35. Nxe5+ Kh8 36. Nxd7 Bxe4 37. Nxb8 Bxb1 38. Rxb1 Rxb8 39. bxa6 Re8
40. Re1 1-0

[Event "ch N1A"]
[Site "Deauville"]
[Date "10.12.06"]
[Round "4.8"]
[White "Saoudi, Houria"]
[Black "Fruteau, Sabine"]
[Result "0-1"]
[WhiteElo "1490"]
[BlackElo "2145"]
[PlyCount "74"]
[EventDate "10.12.06"]
[WhiteTeam "Lille"]
[BlackTeam "Deauville"]

1. e4 e5 2. Nf3 Nc6 3. Nc3 Nf6 4. Bb5 Bc5 5. h3 O-O 6. d3 a6 7. Bxc6 dxc6 8.
Nxe5 Bxf2+ 9. Kxf2 Qd4+ 10. Be3 Qxe5 11. Qf3 Ne8 12. Qf4 Qxf4+ 13. Bxf4 f5 14.
Ke3 Nd6 15. e5 Nf7 16. Rae1 g5 17. Bh2 Re8 18. Kd2 Be6 19. Na4 b6 20. Rhf1 Kg7
21. Nc3 h5 22. Ne2 Rad8 23. a3 h4 24. Ng1 f4 25. Nf3 Bd5 26. Bg1 Bxf3 27. gxf3
Nxe5 28. Re4 Nxf3+ 29. Kc1 Rxe4 30. dxe4 Nxg1 31. Rxg1 Kf6 32. c3 Re8 33. Kd2
Rxe4 34. Kd3 Re3+ 35. Kd2 Rxh3 36. Ke2 Kf5 37. Kf2 Rh2+ 0-1

[Event "ch N1A"]
[Site "Bois-Colombes"]
[Date "10.12.06"]
[Round "4.1"]
[White "Todorov, Todor"]
[Black "Winants, Luc"]
[Result "1/2-1/2"]
[WhiteElo "2494"]
[BlackElo "2517"]
[PlyCount "54"]
[EventDate "10.12.06"]
[WhiteTeam "Bois-Colombes"]
[BlackTeam "Cappelle la Grande"]

1. e4 e5 2. Nf3 Nc6 3. Nc3 Nf6 4. d4 exd4 5. Nxd4 Bb4 6. Nxc6 bxc6 7. Bd3 O-O
8. O-O d5 9. exd5 cxd5 10. Bg5 c6 11. Ne2 Re8 12. Nd4 Qd6 13. Qf3 Ne4 14. Bf4
Qf6 15. c3 Bc5 16. Rfe1 Bxd4 17. cxd4 Qxd4 18. Qe3 Qxe3 19. Rxe3 Bd7 20. Rc1 a5
21. f3 Nf6 22. Kf2 Rec8 23. Bd6 Be6 24. Bf1 d4 25. Ra3 Nd5 26. Bc5 Nb4 27. Bxd4
Nxa2 1/2-1/2

[Event "ch N1A"]
[Site "Bois-Colombes"]
[Date "10.12.06"]
[Round "4.2"]
[White "Carlier, Bruno"]
[Black "Chomet, Pascal"]
[Result "1/2-1/2"]
[WhiteElo "2437"]
[BlackElo "2365"]
[PlyCount "34"]
[EventDate "10.12.06"]
[WhiteTeam "Cappelle la Grande"]
[BlackTeam "Bois-Colombes"]

1. Nf3 d6 2. d4 g6 3. g3 Bg7 4. Bg2 Nc6 5. O-O Bg4 6. c3 Qd7 7. Qb3 Nd8 8. e4
Nh6 9. Re1 e5 10. dxe5 dxe5 11. Na3 f6 12. Be3 Be6 13. Qb5 c6 14. Qe2 Ng4 15.
Red1 Qf7 16. Bf1 Bf8 17. b4 h5 1/2-1/2